00638nam a22001337a 4500008004100000020001500041082001800056100001500074245007100089260020900160300001300369440002100382650010100403180825b xxu||||| |||| 00| 0 eng d a9709703587 a701.18bR934p aRius, Luis aLa palabra del cómplice. José Juan Tablada crítico del arte  aMéxicobInstituto Nacional de Bellas Artes y Literatura bCentro Nacional de Investigación, Documentación e Información de Artes Plásticas (CENIDIAP)bEstampa Artes Gráficas S.A. de C.V.c2012 a19c21cm aEnsayos Abrevian 2Arte contemporáneoxArte - crítica y apreciaciónxTablada, Juan José - crítico de arte